[Event "NATO-ch 33rd"]
[Site "Portoroz"]
[Date "2023.09.05"]
[Round "3"]
[White "Wang, Eigen"]
[Black "Koksal, Ege"]
[Result "0-1"]
[WhiteElo "2192"]
[BlackElo "2326"]
[PlyCount "94"]
[EventDate "2023.09.04"]
[EventType "swiss"]
[EventRounds "7"]
[EventCountry "SLO"]
[SourceTitle "EXT 2024"]
[Source "ChessBase"]
[SourceDate "2023.10.10"]
[SourceVersion "1"]
[SourceVersionDate "2023.10.10"]
[SourceQuality "1"]

1. d4 Nf6 2. c4 e6 3. Nc3 Bb4 4. a3 Bxc3+ 5. bxc3 c5 6. f3 Nc6 7. e4 d6 8. Ne2 b6 9. Bg5 h6 10. Bh4 0-0 11. Nc1 Ba6 12. Nb3 Rc8 13. Be2 Ne7 14. Bxf6 gxf6 15. d5 f5 16. Qd2 Kg7 17. 0-0 fxe4 18. fxe4 Ng6 19. Rf3 Qg5 20. Qc2 Rce8 21. Raf1 exd5 22. exd5 Re3 23. Rf5 Qe7 24. Bh5 Re1 25. Nd2 Rxf1+ 26. Rxf1 Qe3+ 27. Kh1 Ne5 28. Ne4 Bxc4 29. Nxd6 Qd3 30. Qxd3 Bxd3 31. Re1 Kf6 32. Ne4+ Bxe4 33. Rxe4 c4 34. Be2 b5 35. Kg1 Rd8 36. Rd4 Rd6 37. a4 bxa4 38. Bxc4 Nxc4 39. Rxc4 Ra6 40. Re4 a3 41. Re1 a2 42. Ra1 Ke5 43. c4 Kd6 44. Kf2 Kc5 45. Ke3 Kxc4 46. Ke4 Kb3 47. Ke5 f6+ 0-1

[Event "New York Winter GM-C"]
[Site "New York"]
[Date "2023.01.13"]
[Round "3"]
[White "Wang, Eigen"]
[Black "Nakada, Akira W"]
[Result "0-1"]
[WhiteElo "2308"]
[BlackElo "2304"]
[PlyCount "58"]
[EventDate "2023.01.12"]
[EventType "tourn"]
[EventRounds "9"]
[EventCountry "USA"]
[EventCategory "4"]
[SourceTitle "CBM 212 Extra"]
[Source "ChessBase"]
[SourceDate "2023.03.31"]
[SourceVersion "1"]
[SourceVersionDate "2023.03.31"]
[SourceQuality "1"]

1. e4 c6 2. Nf3 d5 3. Nc3 dxe4 4. Nxe4 Nf6 5. Qe2 Nxe4 6. Qxe4 Nd7 7. Bc4 Nf6 8. Ne5 e6 9. Qe2 b5 10. Bd3 Bd6 11. a4 Qc7 12. Nxc6 b4 13. Nd4 a6 14. Nf5 Bb7 15. Nxd6+ Qxd6 16. b3 Bxg2 17. Rf1 Bxf1 18. Kxf1 Qxh2 19. Qf3 0-0 20. Bb2 e5 21. Re1 Rfe8 22. Rxe5 Qh6 23. Re3 Nd7 24. Qg2 Nf6 25. Be5 Rad8 26. f4 Qh5 27. Ke1 Ng4 28. Bb2 Qh4+ 29. Kd1 Rxe3 0-1

[Event "New York Spring IM-D"]
[Site "New York"]
[Date "2022.04.18"]
[Round "9"]
[White "Dans, Dwight"]
[Black "Wang, Eigen"]
[Result "0-1"]
[WhiteElo "1992"]
[BlackElo "2242"]
[PlyCount "56"]
[EventDate "2022.04.14"]
[EventType "tourn"]
[EventRounds "9"]
[EventCountry "USA"]
[SourceTitle "CBM 207 Extra"]
[Source "ChessBase"]
[SourceDate "2022.05.31"]
[SourceVersion "1"]
[SourceVersionDate "2022.05.31"]
[SourceQuality "1"]

1. e4 e6 2. d4 d5 3. Nd2 Be7 4. e5 c5 5. c3 Nc6 6. Ndf3 cxd4 7. cxd4 Qb6 8. Bd3 Bb4+ 9. Kf1 f6 10. a3 Be7 11. b4 Bd7 12. Ne2 0-0-0 13. Be3 Kb8 14. g3 Nh6 15. Bxh6 gxh6 16. b5 Na5 17. Kg2 Rhf8 18. a4 Be8 19. Nf4 fxe5 20. Nxe5 Qxd4 21. Qe2 Rxf4 22. gxf4 Qxf4 23. Rhe1 Bb4 24. Qe3 Qf8 25. Re2 Bh5 26. f3 Bc5 27. Nd7+ Rxd7 28. Qe5+ Rc7 0-1

[Event "New York Spring IM-D"]
[Site "New York"]
[Date "2022.04.17"]
[Round "7"]
[White "Cervantes Landeiro, Thalia"]
[Black "Wang, Eigen"]
[Result "0-1"]
[WhiteElo "2206"]
[BlackElo "2242"]
[PlyCount "66"]
[EventDate "2022.04.14"]
[EventType "tourn"]
[EventRounds "9"]
[EventCountry "USA"]
[SourceTitle "CBM 207 Extra"]
[Source "ChessBase"]
[SourceDate "2022.05.31"]
[SourceVersion "1"]
[SourceVersionDate "2022.05.31"]
[SourceQuality "1"]

1. d4 Nf6 2. c4 c5 3. d5 b5 4. cxb5 a6 5. bxa6 g6 6. Nc3 Bg7 7. Nf3 0-0 8. a7 Rxa7 9. e4 e6 10. Be2 exd5 11. exd5 d6 12. 0-0 Na6 13. a4 Nc7 14. h3 Bb7 15. Bc4 Qa8 16. Bf4 Ncxd5 17. Nxd5 Bxd5 18. Bxd5 Nxd5 19. Bxd6 Rd8 20. Bxc5 Rc7 21. b4 Nxb4 22. Qb3 Bxa1 23. Bb6 Rd3 24. Qxb4 Bc3 25. Qh4 Rc8 26. Ng5 h5 27. Qf4 Qd5 28. Ne4 Be5 29. Be3 Rd1 30. Qf3 Rxf1+ 31. Kxf1 Qd3+ 32. Ke1 Rb8 33. Nd2 Bc3 0-1

[Event "NATO-ch 31st"]
[Site "Blankenberge"]
[Date "2021.10.15"]
[Round "7.5"]
[White "Wang, Eigen"]
[Black "Pietruszewski, Marcin"]
[Result "0-1"]
[WhiteElo "2216"]
[BlackElo "2197"]
[PlyCount "70"]
[EventDate "2021.10.11"]
[EventType "team-swiss"]
[EventRounds "7"]
[EventCountry "BEL"]
[SourceTitle "CBM 204 Extra"]
[Source "ChessBase"]
[SourceDate "2021.11.30"]
[SourceVersion "1"]
[SourceVersionDate "2021.11.30"]
[SourceQuality "1"]
[WhiteTeam "United States"]
[BlackTeam "Poland"]
[WhiteTeamCountry "USA"]
[BlackTeamCountry "POL"]

1. e4 c5 2. Nf3 e6 3. d4 cxd4 4. Nxd4 a6 5. c4 Nf6 6. Nc3 Bb4 7. Qd3 Qc7 8. a3 Be7 9. Be2 0-0 10. 0-0 b6 11. f4 d6 12. Be3 Nbd7 13. b4 Bb7 14. Rac1 Rfe8 15. g4 h6 16. h4 h5 17. g5 Ng4 18. Bd2 Bf8 19. Nc2 g6 20. Ne3 f5 21. exf5 gxf5 22. Bf3 Bxf3 23. Rxf3 Bg7 24. Ne2 Nde5 25. fxe5 Nxe5 26. Qc2 Nxf3+ 27. Kf2 Qb7 28. Ng2 Rac8 29. Nef4 Ne5 30. Qd1 Ng4+ 31. Kg3 Be5 32. Qe2 Qe4 33. Qxe4 fxe4 34. Kh3 Rf8 35. Nxh5 Nf2# 0-1

[Event "NATO-ch 31st"]
[Site "Blankenberge"]
[Date "2021.10.14"]
[Round "5.8"]
[White "Wang, Eigen"]
[Black "Pavlidou, Ekaterini"]
[Result "1-0"]
[WhiteElo "2216"]
[BlackElo "2161"]
[PlyCount "113"]
[EventDate "2021.10.11"]
[EventType "team-swiss"]
[EventRounds "7"]
[EventCountry "BEL"]
[SourceTitle "CBM 204 Extra"]
[Source "ChessBase"]
[SourceDate "2021.11.30"]
[SourceVersion "1"]
[SourceVersionDate "2021.11.30"]
[SourceQuality "1"]
[WhiteTeam "United States"]
[BlackTeam "Greece"]
[WhiteTeamCountry "USA"]
[BlackTeamCountry "GRE"]

1. d4 Nf6 2. c4 e6 3. Nf3 Bb4+ 4. Nbd2 c5 5. a3 Bxd2+ 6. Qxd2 b6 7. dxc5 bxc5 8. Qg5 0-0 9. Qxc5 d6 10. Qg5 Qc7 11. e3 e5 12. Be2 Be6 13. Qh4 Nbd7 14. 0-0 a5 15. Bd2 a4 16. Bb4 h6 17. Nd2 Bf5 18. f4 e4 19. g4 Bg6 20. Kh1 Qb6 21. Qg3 Nc5 22. Bc3 Nfd7 23. f5 Bh7 24. g5 hxg5 25. Qxg5 f6 26. Qh5 Rf7 27. Rf4 Re8 28. Rh4 Nf8 29. Rg1 Ree7 30. Qh6 Nd3 31. Bxd3 exd3 32. Bxf6 Qxe3 33. Bxg7 Qxg1+ 34. Kxg1 Rxg7+ 35. Kf1 Ref7 36. Rh5 Rg6 37. Qe3 Rgf6 38. Rg5+ Rg6 39. Ke1 Rxg5 40. Qxg5+ Kh8 41. f6 Nd7 42. Qh5 Rxf6 43. Qe8+ Nf8 44. Qxa4 Re6+ 45. Kd1 Bg6 46. Nf1 Re2 47. Ng3 Rxb2 48. Qa8 Rf2 49. Qa7 Rf4 50. Qe3 Rxc4 51. Qe7 Kg8 52. Qxd6 Rc2 53. Qd5+ Kg7 54. h4 Rh2 55. h5 Bf7 56. Nf5+ Kf6 57. Qd6+ 1-0

[Event "North American Blitz op 30th"]
[Site "ICC INT"]
[Date "2020.12.31"]
[Round "2"]
[White "Andriasian, Zaven"]
[Black "Wang, Eigen"]
[Result "1-0"]
[WhiteElo "2606"]
[BlackElo "2226"]
[PlyCount "65"]
[EventDate "2020.12.31"]
[EventType "swiss (blitz)"]
[EventRounds "11"]
[EventCountry "USA"]
[SourceTitle "CBM 200 Extra"]
[Source "ChessBase"]
[SourceDate "2021.03.31"]
[SourceVersion "1"]
[SourceVersionDate "2021.03.31"]
[SourceQuality "1"]

1. e4 e6 2. d3 d5 3. Nd2 c5 4. Ngf3 Nc6 5. g3 Bd6 6. Bg2 Nge7 7. 0-0 0-0 8. Re1 f6 9. exd5 exd5 10. c4 Bf5 11. cxd5 Nb4 12. Ne4 Nbxd5 13. Nh4 Bc8 14. Qb3 Kh8 15. Bd2 Nc7 16. Nxd6 Qxd6 17. Bf4 Qd8 18. Rac1 g5 19. Bxc7 Qxc7 20. Nf3 Nf5 21. Qd5 Rd8 22. Rxc5 Qb6 23. Rxc8 Raxc8 24. Qxf5 Qd6 25. h4 gxh4 26. Re6 Qxd3 27. Qxf6+ Kg8 28. Qg5+ Kh8 29. Nxh4 Rf8 30. Qe5+ Kg8 31. Re7 Qd1+ 32. Kh2 Qg4 33. Bd5+ 1-0

[Event "North American Blitz op 30th"]
[Site "ICC INT"]
[Date "2020.12.31"]
[Round "5"]
[White "Wang, Eigen"]
[Black "Balogun, Oluwafemi Daniel"]
[Result "1-0"]
[WhiteElo "2226"]
[BlackElo "2247"]
[PlyCount "261"]
[EventDate "2020.12.31"]
[EventType "swiss (blitz)"]
[EventRounds "11"]
[EventCountry "USA"]
[SourceTitle "CBM 200 Extra"]
[Source "ChessBase"]
[SourceDate "2021.03.31"]
[SourceVersion "1"]
[SourceVersionDate "2021.03.31"]
[SourceQuality "1"]

1. e4 d6 2. d4 Nf6 3. Nc3 g6 4. Nf3 Bg7 5. Be2 0-0 6. 0-0 c6 7. Re1 Qc7 8. h3 Nbd7 9. Bg5 b5 10. Bf1 b4 11. Nb1 e5 12. c3 a5 13. Nbd2 h6 14. Bh4 bxc3 15. bxc3 Re8 16. Qc2 c5 17. d5 a4 18. Bb5 Qa5 19. Bc6 Ra7 20. Nc4 Qc7 21. Bxf6 Bxf6 22. Bxa4 Rf8 23. Bc6 Ba6 24. Ne3 Bg7 25. a4 c4 26. Nd2 Nc5 27. Nexc4 f5 28. exf5 gxf5 29. Bb5 Bc8 30. a5 e4 31. f3 exf3 32. Nxf3 Qb8 33. Bc6 Ba6 34. Ne3 Bd3 35. Qd2 Be4 36. Qe2 Qd8 37. Nd4 Rxa5 38. Rxa5 Qxa5 39. Rf1 Bd3 40. Qf3 Bxf1 41. Nxf1 Qa1 42. Kh2 Bxd4 43. cxd4 Qxd4 44. Ng3 Qe5 45. Qh5 Rf6 46. h4 Ne4 47. Qe8+ Qxe8 48. Bxe8 Nxg3 49. Kxg3 Kf8 50. Bd7 f4+ 51. Kg4 Ke7 52. Bf5 Kf7 53. Kxf4 Kg7 54. g4 Rf8 55. g5 hxg5+ 56. hxg5 Rb8 57. Be6 Rb2 58. Kg4 Rf2 59. Bd7 Rd2 60. Be6 Rd1 61. Kf4 Kg6 62. Bf5+ Kg7 63. Be4 Rf1+ 64. Ke3 Rf8 65. Kd4 Rf4 66. Ke3 Rg4 67. Kf3 Rxg5 68. Kf4 Re5 69. Bf3 Kf6 70. Bg2 Re1 71. Bf3 Rf1 72. Ke4 Kg5 73. Bg2 Rf2 74. Bh3 Re2+ 75. Kd4 Kf4 76. Be6 Rd2+ 77. Kc3 Rd1 78. Kc2 Rd4 79. Kc3 Ke5 80. Bg8 Rf4 81. Be6 Ke4 82. Kc4 Rf1 83. Kc3 Rc1+ 84. Kd2 Rc5 85. Bf7 Kd4 86. Be6 Ra5 87. Kc2 Ra3 88. Bf7 Ra2+ 89. Kb3 Rf2 90. Be6 Re2 91. Bg8 Re5 92. Kc2 Ke3 93. Kc3 Re4 94. Be6 Rh4 95. Bf7 Ke4 96. Be6 Rh2 97. Bf7 Rh1 98. Be6 Rc1+ 99. Kd2 Rc5 100. Bf7 Kd4 101. Be6 Ra5 102. Kc2 Ra7 103. Bg8 Ra2+ 104. Kb3 Rg2 105. Be6 Rf2 106. Bg8 Kd3 107. Bh7+ Kd4 108. Bg8 Rf1 109. Be6 Rf6 110. Kc2 Rg6 111. Bf7 Rg2+ 112. Kb3 Rg3+ 113. Kc2 Rc3+ 114. Kd2 Rc5 115. Be6 Ra5 116. Kc2 Rc5+ 117. Kd2 Rc7 118. Ke2 Rc2+ 119. Kf3 Rd2 120. Bg8 Rd1 121. Ke2 Rb1 122. Be6 Rb2+ 123. Kf3 Ra2 124. Bg8 Ra8 125. Be6 Ra5 126. Ke2 Kc3 127. Ke3 Ra1 128. Ke2 Ra2+ 129. Ke3 Rd2 130. Bf7 Rd3+ 131. Ke4 1-0

[Event "North American Blitz op 30th"]
[Site "ICC INT"]
[Date "2020.12.31"]
[Round "3"]
[White "Wang, Eigen"]
[Black "Markovic, Goran"]
[Result "1-0"]
[WhiteElo "2226"]
[BlackElo "1939"]
[PlyCount "117"]
[EventDate "2020.12.31"]
[EventType "swiss (blitz)"]
[EventRounds "11"]
[EventCountry "USA"]
[SourceTitle "CBM 200 Extra"]
[Source "ChessBase"]
[SourceDate "2021.03.31"]
[SourceVersion "1"]
[SourceVersionDate "2021.03.31"]
[SourceQuality "1"]

1. e4 e5 2. Nf3 Nc6 3. Bc4 Bc5 4. c3 Nf6 5. d3 d5 6. exd5 Nxd5 7. 0-0 0-0 8. b4 Bb6 9. Qb3 Nf4 10. Bxf4 exf4 11. d4 Bg4 12. Nbd2 a6 13. Rfe1 Qf6 14. Ne5 Nxe5 15. Rxe5 f3 16. Qd1 Rae8 17. Rxe8 Rxe8 18. Nxf3 Qc6 19. Bxf7+ Kxf7 20. Ng5+ Kg8 21. Qxg4 Qxc3 22. Rf1 Qxd4 23. Qf5 Qf6 24. Qxh7+ Kf8 25. Nf3 Re2 26. Qd3 Rxa2 27. g3 g5 28. Qe4 Ra3 29. Ne5 Kg7 30. Kg2 Ra2 31. Ng4 Qc6 32. Qxc6 bxc6 33. Rc1 Rb2 34. Rc4 Kf7 35. Kf3 Ke6 36. Rxc6+ Kd5 37. Rg6 Rb3+ 38. Kg2 Rxb4 39. Rxg5+ Ke6 40. h4 a5 41. h5 Bd4 42. Rxa5 c5 43. h6 Kf7 44. Ra7+ Kg8 45. f4 c4 46. Rc7 c3 47. Ne5 Rb2+ 48. Kh3 Bxe5 49. fxe5 c2 50. g4 Rb3+ 51. Kh4 Rc3 52. Rxc3 c1Q 53. Rxc1 Kh7 54. Rc6 Kh8 55. g5 Kh7 56. Kh5 Kg8 57. Kg6 Kf8 58. Re6 Kg8 59. Re8# 1-0

[Event "North American Blitz op 30th"]
[Site "ICC INT"]
[Date "2020.12.31"]
[Round "10"]
[White "Wang, Eigen"]
[Black "Tanaka, Taira Tyler"]
[Result "0-1"]
[WhiteElo "2226"]
[BlackElo "2099"]
[PlyCount "68"]
[EventDate "2020.12.31"]
[EventType "swiss (blitz)"]
[EventRounds "11"]
[EventCountry "USA"]
[SourceTitle "CBM 200 Extra"]
[Source "ChessBase"]
[SourceDate "2021.03.31"]
[SourceVersion "1"]
[SourceVersionDate "2021.03.31"]
[SourceQuality "1"]

1. e4 c5 2. Nf3 d6 3. d4 cxd4 4. Nxd4 Nf6 5. Nc3 g6 6. Be3 Bg7 7. f3 Nc6 8. Qd2 0-0 9. 0-0-0 Nxd4 10. Bxd4 Be6 11. h4 Qa5 12. a3 Rab8 13. h5 b5 14. hxg6 hxg6 15. g4 b4 16. Nb1 Rfc8 17. g5 Nh5 18. Bxg7 Kxg7 19. Bd3 Qa4 20. axb4 Rxb4 21. f4 Rcb8 22. Qc3+ Kg8 23. b3 Bxb3 24. Rxh5 gxh5 25. Rh1 Ba2 26. Rxh5 Rxb1+ 27. Kd2 e5 28. Qc7 Qb4+ 29. c3 Qb2+ 30. Bc2 Rc1 31. Ke3 Qb6+ 32. Qxb6 Rxb6 33. Bd3 Rxc3 34. f5 Rbb3 0-1

[Event "NATO-ch 30th"]
[Site "Berlin"]
[Date "2019.09.20"]
[Round "7.2"]
[White "Wang, Eigen"]
[Black "Sypien, Mateusz"]
[Result "1/2-1/2"]
[WhiteElo "2193"]
[BlackElo "2243"]
[PlyCount "54"]
[EventDate "2019.09.14"]
[EventType "team-swiss"]
[EventRounds "7"]
[EventCountry "GER"]
[SourceTitle "EXT 2020"]
[Source "ChessBase"]
[SourceDate "2019.10.17"]
[SourceVersion "1"]
[SourceVersionDate "2019.10.17"]
[SourceQuality "1"]
[WhiteTeam "United States"]
[BlackTeam "Poland"]
[WhiteTeamCountry "USA"]
[BlackTeamCountry "POL"]

1. d4 Nf6 2. c4 g6 3. Nc3 Bg7 4. e4 d6 5. Nf3 0-0 6. Be2 e5 7. 0-0 Nc6 8. d5 Ne7 9. Ne1 c5 10. Nd3 Ne8 11. f4 b6 12. Rb1 f5 13. Bf3 Rb8 14. a3 fxe4 15. Nxe4 exf4 16. Bxf4 Nf5 17. b4 Rb7 18. bxc5 bxc5 19. Rxb7 Bxb7 20. Qa4 a6 21. Bg5 Qc7 22. Nf4 Bd4+ 23. Kh1 Neg7 24. Re1 Be5 25. Nd3 Bd4 26. Nf4 Be5 27. Nd3 Bd4 1/2-1/2

[Event "NATO-ch 30th"]
[Site "Berlin"]
[Date "2019.09.16"]
[Round "1.15"]
[White "Glibert, Stephane"]
[Black "Wang, Eigen"]
[Result "0-1"]
[WhiteElo "1865"]
[BlackElo "2193"]
[PlyCount "64"]
[EventDate "2019.09.14"]
[EventType "team-swiss"]
[EventRounds "7"]
[EventCountry "GER"]
[SourceTitle "EXT 2020"]
[Source "ChessBase"]
[SourceDate "2019.10.17"]
[SourceVersion "1"]
[SourceVersionDate "2019.10.17"]
[SourceQuality "1"]
[WhiteTeam "Belgium"]
[BlackTeam "United States"]
[WhiteTeamCountry "BEL"]
[BlackTeamCountry "USA"]

1. e4 e6 2. Nf3 d5 3. Nc3 Nf6 4. d3 Be7 5. Bg5 h6 6. Bh4 c5 7. Qd2 Nc6 8. 0-0-0 d4 9. Bxf6 Bxf6 10. Ne2 e5 11. Kb1 Be6 12. Nc1 b5 13. h4 c4 14. g3 Qd7 15. Be2 Rc8 16. c3 Qb7 17. cxd4 exd4 18. e5 c3 19. Qf4 Nxe5 20. Rde1 Nc4 21. Nb3 0-0 22. Nfxd4 Nxb2 23. Nxe6 c2+ 24. Kc1 fxe6 25. Qe3 Qa6 26. Bg4 Kh8 27. Bxe6 Qa3 28. Kd2 Bc3+ 29. Ke2 Bxe1 30. Bxc8 Nd1 31. Qc1 Rxf2+ 32. Kxe1 Qe7+ 0-1

[Event "World op 47th"]
[Site "Philadelphia"]
[Date "2019.07.06"]
[Round "6"]
[White "Katz, Alexander R"]
[Black "Wang, Eigen"]
[Result "1/2-1/2"]
[WhiteElo "2429"]
[BlackElo "2202"]
[PlyCount "67"]
[EventDate "2019.07.03"]
[EventType "swiss"]
[EventRounds "9"]
[EventCountry "USA"]
[SourceTitle "CBM 191 Extra"]
[Source "ChessBase"]
[SourceDate "2019.09.30"]
[SourceVersion "1"]
[SourceVersionDate "2019.09.30"]
[SourceQuality "1"]

1. e4 e6 2. Qe2 Nc6 3. Nf3 e5 4. g3 Nf6 5. Bg2 Bc5 6. 0-0 0-0 7. c3 a5 8. Nxe5 Nxe5 9. d4 d6 10. dxc5 dxc5 11. Rd1 Qe7 12. h3 c4 13. Na3 Be6 14. Be3 Nd3 15. f4 Rfe8 16. g4 Nxe4 17. Bxe4 Bxg4 18. Qxg4 Qxe4 19. Bd4 g6 20. Nxc4 h5 21. Qg3 Nxf4 22. Re1 Ne2+ 23. Rxe2 Qxe2 24. Ne5 Re6 25. Qf4 f5 26. Nd7 Rd6 27. Qh6 Rxd7 28. Qxg6+ Kf8 29. Bc5+ Rd6 30. Qxf5+ Ke7 31. Bxd6+ cxd6 32. Qh7+ Ke6 33. Rf1 Qe3+ 34. Kg2 1/2-1/2

[Event "Philadelphia op 12th"]
[Site "Philadelphia"]
[Date "2018.04.01"]
[Round "8"]
[White "Wang, Eigen"]
[Black "Niemann, Hans Moke"]
[Result "1/2-1/2"]
[WhiteElo "2162"]
[BlackElo "2302"]
[PlyCount "91"]
[EventDate "2018.03.28"]
[EventType "swiss"]
[EventRounds "9"]
[EventCountry "USA"]
[SourceTitle "CBM 183 Extra"]
[Source "ChessBase"]
[SourceDate "2018.04.19"]
[SourceVersion "1"]
[SourceVersionDate "2018.04.19"]
[SourceQuality "1"]

1. e4 e6 2. d4 d5 3. Nc3 Nf6 4. e5 Nfd7 5. f4 c5 6. Nf3 Nc6 7. Be3 cxd4 8. Nxd4 Bc5 9. Qd2 0-0 10. 0-0-0 Bxd4 11. Bxd4 a6 12. Qf2 b5 13. Be3 Qa5 14. Bd3 b4 15. Ne2 Qxa2 16. Qh4 h6 17. g4 Ncxe5 18. fxe5 Nxe5 19. Rhf1 Nxd3+ 20. cxd3 Bd7 21. g5 hxg5 22. Qxg5 f6 23. Qg4 Rac8+ 24. Kd2 Qxb2+ 25. Ke1 Rf7 26. Rg1 e5 27. Qg6 Rc2 28. Bd2 e4 29. dxe4 Bb5 30. Rg4 Bxe2 31. Kxe2 Qe5 32. Qf5 Qxh2+ 33. Kd3 Rcc7 34. exd5 Qh3+ 35. Ke2 Rfe7+ 36. Kf2 Qh2+ 37. Rg2 Re2+ 38. Kxe2 Qxg2+ 39. Kd3 Re7 40. Re1 Rxe1 41. Bxe1 b3 42. Qe6+ Kh7 43. Bc3 Qc2+ 44. Kd4 Qd1+ 45. Kc4 Qc2 46. Kd4 1/2-1/2

[Event "Pan American Intercollegiate-chT"]
[Site "Lubbock"]
[Date "2013.12.28"]
[Round "2.3"]
[White "Margvelashvili, Giorgi"]
[Black "Wang, Eigen"]
[Result "1/2-1/2"]
[WhiteElo "2555"]
[BlackElo "2139"]
[PlyCount "130"]
[EventDate "2013.12.27"]
[EventType "team-swiss"]
[EventRounds "6"]
[EventCountry "USA"]
[SourceTitle "CBM 158 Extra"]
[Source "ChessBase"]
[SourceDate "2014.02.28"]
[SourceVersion "1"]
[SourceVersionDate "2014.02.28"]
[SourceQuality "1"]
[WhiteTeam "Dallas Univ"]
[BlackTeam "Columbia Univ II"]
[WhiteTeamCountry "USA"]
[BlackTeamCountry "USA"]

1. d4 d5 2. Nf3 Nf6 3. c4 c6 4. Qb3 g6 5. e3 Bg7 6. Nc3 0-0 7. Be2 Qb6 8. Qa3 Re8 9. h3 Nbd7 10. cxd5 cxd5 11. Qa4 Qd8 12. 0-0 e5 13. dxe5 Nxe5 14. Rd1 Nc6 15. Bd2 Be6 16. Be1 a6 17. Nd4 Nxd4 18. Qxd4 Ne4 19. Qb4 Bxc3 20. bxc3 Qg5 21. Kf1 b5 22. Qd4 Qh6 23. Kg1 Qg5 24. Kh2 Nd6 25. g4 Qh6 26. c4 bxc4 27. Bc3 f6 28. Qxf6 Ne4 29. Qh8+ Kf7 30. Qd4 Rf8 31. f4 Qh4 32. Rg1 Nxc3 33. Qxc3 Qf6 34. Qa5 Rab8 35. Raf1 Rb2 36. Rg2 Kg8 37. Bf3 Rxg2+ 38. Bxg2 Qb2 39. Kg1 Qb5 40. Qc3 Qb6 41. Kh1 Re8 42. f5 Bf7 43. Rf3 Qb1+ 44. Rf1 Qd3 45. Qf6 Rxe3 46. fxg6 Qxg6 47. Qf4 Re8 48. Qd4 Qg7 49. Qc5 Qe5 50. Rf5 Qe1+ 51. Kh2 Qe3 52. Bxd5 Qxc5 53. Bxf7+ Kg7 54. Rxc5 Kxf7 55. a4 Re4 56. Kg3 c3 57. Rc7+ Kg8 58. a5 Re5 59. Rxc3 Rxa5 60. h4 Ra4 61. g5 h6 62. Rc8+ Kg7 63. Rc7+ Kg8 64. gxh6 Kh8 65. Ra7 Kg8 1/2-1/2